Advanced engineering mathematics / (Record no. 833)

MARC details
000 -LEADER
fixed length control field 00411pam a2200145 a 4500
020 ## - INTERNATIONAL STANDARD BOOK NUMBER
ISBN 0534011365 :
050 00 - CALL NUMBER
Classification number TA330
Item number .O53
100 1# - AUTHOR
Personal name O'Neil, Peter V.
245 10 - TITLE
Title Advanced engineering mathematics /
Statement of responsibility, etc Peter V. O'Neill.
260 ## - PUBLICATION INFORMATION
Place of publication Belmont, Calif. :
Name of publisher Wadsworth Pub. Co.,
Year of publication c1983.
300 ## - DESCRIPTION
Number of Pages xvii, 1108, 15 p. ;
Dimensions 24 cm.
500 ## - NOTES
General note Includes index.
650 #0 - SUBJECTS
Topical Term Engineering mathematics.
942 ## - ADDED ENTRY ELEMENTS (KOHA)
Koha item type Books
Holdings
Withdrawn status Lost status Home library Current library Date acquired Full call number Accession Number Koha item type
    Methodist University Library Wenchi Faculty Methodist University Library Wenchi Faculty 14/11/2017 TA330 .O53 19767 Books
Copyright © 2026  MUG Library